[Event "European Chess Club Cup 2023"]
[Site "Durres, Albania"]
[Date "2023.10.07"]
[Round "7.19"]
[White "Nihal, Sarin"]
[Black "Sarana, Alexey"]
[Result "1/2-1/2"]
[TimeControl "90' + 30' & 30\""]
[WhiteElo "2694"]
[BlackElo "2682"]

1. e4 {[%clk 01:29:29]} {[%emt 00:01:29]} c5 {[%clk 01:30:55]} {[%emt
00:00:06]} 2. Nf3 {[%clk 01:29:55]} {[%emt 00:00:04]} d6 {[%clk 01:31:21]}
{[%emt 00:00:05]} 3. Nc3 {[%clk 01:30:19]} {[%emt 00:00:05]} Nf6 {[%clk
01:31:46]} {[%emt 00:00:05]} 4. Bb5+ {[%clk 01:30:44]} {[%emt 00:00:05]} Nbd7
{[%clk 01:28:28]} {[%emt 00:03:49]} 5. d4 {[%clk 01:30:45]} {[%emt 00:00:29]}
cxd4 {[%clk 01:28:50]} {[%emt 00:00:08]} 6. Qxd4 {[%clk 01:31:10]} {[%emt
00:00:05]} a6 {[%clk 01:29:00]} {[%emt 00:00:20]} 7. Bxd7+ {[%clk 01:31:20]}
{[%emt 00:00:20]} Nxd7 {[%clk 01:22:34]} {[%emt 00:06:57]} 8. Bg5 {[%clk
01:25:51]} {[%emt 00:05:56]} h6 {[%clk 01:22:05]} {[%emt 00:01:00]} 9. Bh4
{[%clk 01:25:28]} {[%emt 00:00:53]} e5 {[%clk 01:12:07]} {[%emt 00:10:30]} 10.
Qd3 {[%clk 01:16:34]} {[%emt 00:09:23]} g5 {[%clk 01:07:21]} {[%emt 00:05:16]}
11. Bg3 {[%clk 01:16:57]} {[%emt 00:00:06]} b5 {[%clk 01:07:05]} {[%emt
00:00:47]} 12. O-O-O {[%clk 00:59:14]} {[%emt 00:18:12]} Bb7 {[%clk 01:06:44]}
{[%emt 00:00:51]} 13. Nd2 {[%clk 00:59:14]} {[%emt 00:00:31]} Rc8 {[%clk
01:04:18]} {[%emt 00:02:57]} 14. f3 {[%clk 00:56:28]} {[%emt 00:03:15]} Qa5
{[%clk 00:45:28]} {[%emt 00:19:20]} 15. Kb1 {[%clk 00:50:38]} {[%emt 00:06:19]}
Nc5 {[%clk 00:41:54]} {[%emt 00:04:04]} 16. Nb3 {[%clk 00:46:06]} {[%emt
00:05:02]} Qc7 {[%clk 00:41:49]} {[%emt 00:00:35]} 17. Nxc5 {[%clk 00:44:56]}
{[%emt 00:01:40]} Qxc5 {[%clk 00:42:11]} {[%emt 00:00:09]} 18. Qe2 {[%clk
00:44:30]} {[%emt 00:00:55]} Qc4 {[%clk 00:41:32]} {[%emt 00:01:10]} 19. Rd3
{[%clk 00:42:07]} {[%emt 00:02:52]} Be7 {[%clk 00:41:54]} {[%emt 00:00:09]} 20.
Nd1 {[%clk 00:40:38]} {[%emt 00:01:59]} Rg8 {[%clk 00:36:50]} {[%emt 00:05:34]}
21. Ne3 {[%clk 00:40:58]} {[%emt 00:00:09]} Qc7 {[%clk 00:37:16]} {[%emt
00:00:05]} 22. Rhd1 {[%clk 00:35:50]} {[%emt 00:05:37]} Rg6 {[%clk 00:37:38]}
{[%emt 00:00:09]} 23. Be1 {[%clk 00:35:52]} {[%emt 00:00:27]} Qb6 {[%clk
00:37:23]} {[%emt 00:00:46]} 24. Bf2 {[%clk 00:34:54]} {[%emt 00:01:28]} Bf8
{[%clk 00:37:30]} {[%emt 00:00:24]} 25. h4 {[%clk 00:34:04]} {[%emt 00:01:19]}
gxh4 {[%clk 00:37:42]} {[%emt 00:00:17]} 26. Bxh4 {[%clk 00:33:27]} {[%emt
00:01:07]} h5 {[%clk 00:37:25]} {[%emt 00:00:47]} 27. Nf5 {[%clk 00:28:20]}
{[%emt 00:05:38]} b4 {[%clk 00:35:32]} {[%emt 00:02:23]} 28. Ng3 {[%clk
00:22:04]} {[%emt 00:06:45]} a5 {[%clk 00:30:59]} {[%emt 00:05:04]} 29. Nxh5
{[%clk 00:21:41]} {[%emt 00:00:53]} Ba6 {[%clk 00:31:23]} {[%emt 00:00:06]} 30.
Nf6+ {[%clk 00:22:07]} {[%emt 00:00:04]} Rxf6 {[%clk 00:31:45]} {[%emt
00:00:08]} 31. Bxf6 {[%clk 00:22:32]} {[%emt 00:00:04]} Be7 {[%clk 00:31:25]}
{[%emt 00:00:51]} 32. Bxe7 {[%clk 00:20:35]} {[%emt 00:02:26]} Bxd3 {[%clk
00:31:35]} {[%emt 00:00:20]} 33. Qxd3 {[%clk 00:20:35]} {[%emt 00:00:31]} Kxe7
{[%clk 00:32:02]} {[%emt 00:00:03]} 34. Qd2 {[%clk 00:18:25]} {[%emt 00:02:39]}
Rg8 {[%clk 00:28:33]} {[%emt 00:04:00]} 35. b3 {[%clk 00:17:03]} {[%emt
00:01:51]} Rg3 {[%clk 00:28:13]} {[%emt 00:00:50]} 36. Kb2 {[%clk 00:05:30]}
{[%emt 00:12:04]} Qc5 {[%clk 00:26:47]} {[%emt 00:01:56]} 37. Rh1 {[%clk
00:05:40]} {[%emt 00:00:20]} Kd7 {[%clk 00:24:27]} {[%emt 00:02:50]} 38. Kb1
{[%clk 00:04:28]} {[%emt 00:01:42]} Ke7 {[%clk 00:24:32]} {[%emt 00:00:25]} 39.
Kb2 {[%clk 00:01:09]} {[%emt 00:03:49]} Kd7 {[%clk 00:24:47]} {[%emt 00:00:14]}
40. Rc1 {[%clk 00:01:03]} {[%emt 00:00:36]} Qb6 {[%clk 00:14:29]} {[%emt
00:10:47]} 41. Re1 {[%clk 00:20:42]} {[%emt 00:10:52]} Ke7 {[%clk 00:40:47]}
{[%emt 00:04:12]} 42. Re2 {[%clk 00:17:26]} {[%emt 00:03:46]} Qb5 {[%clk
00:38:17]} {[%emt 00:03:00]} 43. Qe3 {[%clk 00:16:15]} {[%emt 00:01:41]} a4
{[%clk 00:37:13]} {[%emt 00:01:34]} 44. bxa4 {[%clk 00:15:48]} {[%emt
00:00:57]} Qxa4 {[%clk 00:37:10]} {[%emt 00:00:33]} 45. Rd2 {[%clk 00:16:09]}
{[%emt 00:00:09]} Qc6 {[%clk 00:37:01]} {[%emt 00:00:39]} 46. Kb1 {[%clk
00:09:47]} {[%emt 00:06:52]} Qa6 {[%clk 00:30:55]} {[%emt 00:06:35]} 47. Qd3
{[%clk 00:03:05]} {[%emt 00:07:14]} Qb6 {[%clk 00:29:24]} {[%emt 00:02:00]} 48.
Qc4 {[%clk 00:02:57]} {[%emt 00:00:39]} Rg8 {[%clk 00:29:25]} {[%emt 00:00:28]}
49. Kb2 {[%clk 00:03:23]} {[%emt 00:00:05]} Qb7 {[%clk 00:28:23]} {[%emt
00:01:31]} 50. Rd5 {[%clk 00:03:07]} {[%emt 00:00:46]} Rc8 {[%clk 00:16:01]}
{[%emt 00:12:52]} 51. Rb5 {[%clk 00:03:21]} {[%emt 00:00:16]} Rxc4 {[%clk
00:16:29]} {[%emt 00:00:02]} 52. Rxb7+ {[%clk 00:03:45]} {[%emt 00:00:06]} Ke6
{[%clk 00:16:57]} {[%emt 00:00:02]} 53. Rb6 {[%clk 00:03:53]} {[%emt 00:00:22]}
f6 {[%clk 00:16:25]} {[%emt 00:01:03]} 54. Kc1 {[%clk 00:02:00]} {[%emt
00:02:23]} Rd4 {[%clk 00:15:56]} {[%emt 00:00:58]} 55. Rb8 {[%clk 00:01:35]}
{[%emt 00:00:55]} f5 {[%clk 00:15:42]} {[%emt 00:00:44]} 56. exf5+ {[%clk
00:02:01]} {[%emt 00:00:05]} Kxf5 {[%clk 00:16:11]} {[%emt 00:00:01]} 57. Rf8+
{[%clk 00:01:49]} {[%emt 00:00:41]} Ke6 {[%clk 00:16:37]} {[%emt 00:00:04]} 58.
Rh8 {[%clk 00:01:07]} {[%emt 00:01:11]} d5 {[%clk 00:15:32]} {[%emt 00:01:36]}
59. Rh6+ {[%clk 00:01:18]} {[%emt 00:00:18]} Kf5 {[%clk 00:15:51]} {[%emt
00:00:12]} 60. Rh5+ {[%clk 00:01:15]} {[%emt 00:00:34]} Kf6 {[%clk 00:15:17]}
{[%emt 00:01:04]} 61. g3 {[%clk 00:01:12]} {[%emt 00:00:32]} Rc4 {[%clk
00:14:50]} {[%emt 00:00:57]} 62. Kb2 {[%clk 00:00:48]} {[%emt 00:00:54]} Ke6
{[%clk 00:13:59]} {[%emt 00:01:22]} 63. Rh6+ {[%clk 00:01:13]} {[%emt
00:00:04]} Ke7 {[%clk 00:14:26]} {[%emt 00:00:04]} 64. Rh5 {[%clk 00:01:15]}
{[%emt 00:00:28]} Ke6 {[%clk 00:14:55]} {[%emt 00:00:01]} 65. Rh6+ {[%clk
00:01:03]} {[%emt 00:00:42]} Ke7 {[%clk 00:15:24]} 66. Rh4 {[%clk 00:00:47]}
{[%emt 00:00:46]} Rc3 {[%clk 00:15:14]} {[%emt 00:00:40]} 67. f4 {[%clk
00:00:49]} {[%emt 00:00:27]} exf4 {[%clk 00:09:19]} {[%emt 00:06:25]} 68. gxf4
{[%clk 00:01:10]} {[%emt 00:00:09]} Rf3 {[%clk 00:09:45]} {[%emt 00:00:05]} 69.
f5 {[%clk 00:01:03]} {[%emt 00:00:36]} Kd6 {[%clk 00:10:06]} {[%emt 00:00:09]}
70. Rh6+ {[%clk 00:01:11]} {[%emt 00:00:23]} Kc5 {[%clk 00:09:30]} {[%emt
00:01:06]} 71. Rf6 {[%clk 00:01:30]} {[%emt 00:00:11]} d4 {[%clk 00:09:30]}
{[%emt 00:00:30]} 72. Rf8 {[%clk 00:01:54]} {[%emt 00:00:06]} d3 {[%clk
00:08:58]} {[%emt 00:01:02]} 73. cxd3 {[%clk 00:02:19]} {[%emt 00:00:05]} Rxd3
{[%clk 00:09:25]} {[%emt 00:00:02]} 74. Rc8+ {[%clk 00:01:16]} {[%emt
00:01:33]} Kb5 {[%clk 00:09:47]} {[%emt 00:00:08]} 75. f6 {[%clk 00:01:39]}
{[%emt 00:00:07]} Rf3 {[%clk 00:10:14]} {[%emt 00:00:03]} 76. Rf8 {[%clk
00:02:04]} {[%emt 00:00:05]} Kc6 {[%clk 00:10:32]} {[%emt 00:00:13]} 77. Kc2
{[%clk 00:01:57]} {[%emt 00:00:37]} Kc7 {[%clk 00:10:04]} {[%emt 00:00:55]} 78.
Kd2 {[%clk 00:02:10]} {[%emt 00:00:20]} Kd7 {[%clk 00:10:29]} {[%emt 00:00:05]}
79. Rb8 {[%clk 00:02:25]} {[%emt 00:00:15]} Rxf6 {[%clk 00:10:53]} {[%emt
00:00:10]} 80. Rxb4 {[%clk 00:02:51]} Rf2+ {[%clk 00:11:19]} {[%emt 00:00:04]}
81. Kc3 {[%clk 00:03:18]} {[%emt 00:00:03]} Rxa2 {[%clk 00:11:45]} {[%emt
00:00:04]} 1/2-1/2

[Event "European Chess Club Cup 2023"]
[Site "Durres, Albania"]
[Date "2023.10.07"]
[Round "7.20"]
[White "Pechac, Jergus"]
[Black "Volokitin, Andrei"]
[Result "1/2-1/2"]
[TimeControl "90' + 30' & 30\""]
[WhiteElo "2596"]
[BlackElo "2664"]

1. d4 {[%clk 01:30:54]} {[%emt 00:00:04]} Nf6 {[%clk 01:30:52]} {[%emt
00:00:11]} 2. c4 {[%clk 01:31:18]} {[%emt 00:00:05]} e6 {[%clk 01:31:15]}
{[%emt 00:00:07]} 3. Nf3 {[%clk 01:31:42]} {[%emt 00:00:06]} d5 {[%clk
01:31:37]} {[%emt 00:00:07]} 4. Nc3 {[%clk 01:31:51]} {[%emt 00:00:21]} Bb4
{[%clk 01:31:57]} {[%emt 00:00:10]} 5. Bg5 {[%clk 01:32:00]} {[%emt 00:00:21]}
h6 {[%clk 01:32:19]} {[%emt 00:00:09]} 6. Qa4+ {[%clk 01:30:52]} {[%emt
00:01:38]} Nc6 {[%clk 01:32:42]} {[%emt 00:00:07]} 7. Bxf6 {[%clk 01:31:16]}
{[%emt 00:00:06]} Qxf6 {[%clk 01:33:09]} {[%emt 00:00:03]} 8. e3 {[%clk
01:31:39]} {[%emt 00:00:08]} O-O {[%clk 01:33:34]} {[%emt 00:00:05]} 9. Be2
{[%clk 01:32:04]} {[%emt 00:00:04]} dxc4 {[%clk 01:33:04]} {[%emt 00:01:04]} 10.
O-O {[%clk 01:32:25]} {[%emt 00:00:06]} Bd7 {[%clk 01:33:27]} {[%emt 00:00:08]}
11. Bxc4 {[%clk 01:32:32]} {[%emt 00:00:22]} Bxc3 {[%clk 01:33:48]} {[%emt
00:00:09]} 12. bxc3 {[%clk 01:32:57]} {[%emt 00:00:05]} Rfd8 {[%clk 01:34:14]}
{[%emt 00:00:03]} 13. Bb5 {[%clk 01:32:19]} {[%emt 00:01:09]} Be8 {[%clk
01:29:21]} {[%emt 00:05:23]} 14. Qc2 {[%clk 01:31:45]} {[%emt 00:01:04]} Na5
{[%clk 00:59:24]} {[%emt 00:30:27]} 15. Bxe8 {[%clk 01:10:39]} {[%emt
00:21:36]} Rxe8 {[%clk 00:59:52]} {[%emt 00:00:02]} 16. Qa4 {[%clk 01:09:03]}
{[%emt 00:02:07]} b6 {[%clk 00:59:56]} {[%emt 00:00:25]} 17. c4 {[%clk
01:09:27]} {[%emt 00:00:06]} c5 {[%clk 00:55:10]} {[%emt 00:05:16]} 18. dxc5
{[%clk 01:09:18]} {[%emt 00:00:39]} Rec8 {[%clk 00:55:32]} {[%emt 00:00:08]} 19.
cxb6 {[%clk 01:09:44]} {[%emt 00:00:05]} axb6 {[%clk 00:55:58]} {[%emt
00:00:03]} 20. Rac1 {[%clk 01:08:58]} {[%emt 00:01:15]} Qb2 {[%clk 00:49:09]}
{[%emt 00:07:20]} 21. Rb1 {[%clk 01:08:14]} {[%emt 00:01:14]} Qe2 {[%clk
00:48:36]} {[%emt 00:01:03]} 22. Nd4 {[%clk 01:03:52]} {[%emt 00:04:53]} Qxc4
{[%clk 00:43:38]} {[%emt 00:05:27]} 23. Qd7 {[%clk 01:01:37]} {[%emt 00:02:45]}
Rd8 {[%clk 00:26:05]} {[%emt 00:18:03]} 24. Qe7 {[%clk 01:01:47]} {[%emt
00:00:20]} Nc6 {[%clk 00:25:00]} {[%emt 00:01:35]} 25. Nxc6 {[%clk 01:02:09]}
{[%emt 00:00:08]} Qxc6 {[%clk 00:25:28]} {[%emt 00:00:02]} 26. Qb4 {[%clk
01:02:30]} {[%emt 00:00:09]} Rxa2 {[%clk 00:24:07]} {[%emt 00:01:51]} 27. Qxb6
{[%clk 01:02:55]} {[%emt 00:00:05]} Qxb6 {[%clk 00:24:33]} {[%emt 00:00:04]} 28.
Rxb6 {[%clk 01:03:20]} {[%emt 00:00:05]} g5 {[%clk 00:24:57]} {[%emt 00:00:06]}
29. h3 {[%clk 01:03:47]} {[%emt 00:00:04]} Kg7 {[%clk 00:25:22]} {[%emt
00:00:04]} 30. Rbb1 {[%clk 01:04:12]} {[%emt 00:00:05]} Rd5 {[%clk 00:25:39]}
{[%emt 00:00:13]} 31. Ra1 {[%clk 01:04:38]} {[%emt 00:00:04]} 1/2-1/2

[Event "European Chess Club Cup 2023"]
[Site "Durres, Albania"]
[Date "2023.10.07"]
[Round "7.21"]
[White "Erdos, Viktor"]
[Black "Banusz, Tamas"]
[Result "1/2-1/2"]
[TimeControl "90' + 30' & 30\""]
[WhiteElo "2559"]
[BlackElo "2600"]

1. e4 {[%clk 01:30:51]} {[%emt 00:00:07]} e5 {[%clk 01:30:40]} {[%emt
00:00:20]} 2. Nf3 {[%clk 01:31:15]} {[%emt 00:00:07]} Nf6 {[%clk 01:30:40]}
{[%emt 00:00:30]} 3. Nxe5 {[%clk 01:30:49]} {[%emt 00:00:56]} d6 {[%clk
01:31:04]} {[%emt 00:00:05]} 4. Nf3 {[%clk 01:31:15]} {[%emt 00:00:04]} Nxe4
{[%clk 01:31:28]} {[%emt 00:00:07]} 5. d4 {[%clk 01:31:22]} {[%emt 00:00:22]}
d5 {[%clk 01:31:47]} {[%emt 00:00:12]} 6. Bd3 {[%clk 01:31:38]} {[%emt
00:00:13]} Bd6 {[%clk 01:30:44]} {[%emt 00:01:33]} 7. O-O {[%clk 01:31:06]}
{[%emt 00:01:01]} O-O {[%clk 01:31:05]} {[%emt 00:00:09]} 8. c4 {[%clk
01:30:55]} {[%emt 00:00:41]} c6 {[%clk 01:30:33]} {[%emt 00:01:02]} 9. cxd5
{[%clk 01:20:58]} {[%emt 00:10:27]} cxd5 {[%clk 01:30:57]} {[%emt 00:00:07]} 10.
Nc3 {[%clk 01:21:16]} {[%emt 00:00:12]} Nxc3 {[%clk 01:26:56]} {[%emt
00:04:30]} 11. bxc3 {[%clk 01:20:14]} {[%emt 00:01:32]} Bg4 {[%clk 01:22:55]}
{[%emt 00:04:31]} 12. Rb1 {[%clk 01:19:52]} {[%emt 00:00:52]} Nd7 {[%clk
01:22:19]} {[%emt 00:01:06]} 13. h3 {[%clk 01:18:28]} {[%emt 00:01:54]} Bh5
{[%clk 01:22:41]} {[%emt 00:00:08]} 14. Rb5 {[%clk 01:17:34]} {[%emt 00:01:25]}
Nf6 {[%clk 01:20:45]} {[%emt 00:02:26]} 15. Bg5 {[%clk 01:14:42]} {[%emt
00:03:21]} a6 {[%clk 01:17:29]} {[%emt 00:03:47]} 16. Bxf6 {[%clk 01:06:58]}
{[%emt 00:08:14]} Qxf6 {[%clk 01:17:48]} {[%emt 00:00:12]} 17. Rxd5 {[%clk
01:06:29]} {[%emt 00:00:58]} Bxf3 {[%clk 01:17:19]} {[%emt 00:00:59]} 18. Qxf3
{[%clk 01:06:46]} {[%emt 00:00:14]} Qxf3 {[%clk 01:17:29]} {[%emt 00:00:19]} 19.
gxf3 {[%clk 01:07:12]} {[%emt 00:00:04]} Rfd8 {[%clk 01:14:48]} {[%emt
00:03:11]} 20. c4 {[%clk 00:59:31]} {[%emt 00:08:11]} Ba3 {[%clk 01:14:21]}
{[%emt 00:00:57]} 21. Be4 {[%clk 00:57:53]} {[%emt 00:02:07]} Rxd5 {[%clk
01:13:27]} {[%emt 00:01:24]} 22. Bxd5 {[%clk 00:58:18]} {[%emt 00:00:06]} Rd8
{[%clk 01:12:57]} {[%emt 00:01:00]} 23. Bxb7 {[%clk 00:52:47]} {[%emt
00:06:01]} Rxd4 {[%clk 01:13:17]} {[%emt 00:00:10]} 24. Bxa6 {[%clk 00:53:13]}
{[%emt 00:00:04]} Rd2 {[%clk 01:09:40]} {[%emt 00:04:07]} 25. Re1 {[%clk
00:52:17]} {[%emt 00:01:26]} g6 {[%clk 01:08:34]} {[%emt 00:01:36]} 26. Re5
{[%clk 00:50:14]} {[%emt 00:02:33]} Rxa2 {[%clk 01:06:42]} {[%emt 00:02:23]} 27.
Bb7 {[%clk 00:48:44]} {[%emt 00:01:59]} Rc2 {[%clk 01:05:54]} {[%emt 00:01:18]}
28. Bd5 {[%clk 00:47:08]} {[%emt 00:02:06]} Kf8 {[%clk 01:05:24]} {[%emt
00:01:00]} 29. Kf1 {[%clk 00:47:03]} {[%emt 00:00:35]} Bc5 {[%clk 01:05:25]}
{[%emt 00:00:29]} 30. Re2 {[%clk 00:47:09]} {[%emt 00:00:23]} Rxe2 {[%clk
01:05:50]} {[%emt 00:00:06]} 31. Kxe2 {[%clk 00:47:32]} {[%emt 00:00:07]} f5
{[%clk 01:06:09]} {[%emt 00:00:11]} 1/2-1/2

[Event "European Chess Club Cup 2023"]
[Site "Durres, Albania"]
[Date "2023.10.07"]
[Round "7.22"]
[White "Ivic, Velimir"]
[Black "Saric, Ivan"]
[Result "1/2-1/2"]
[TimeControl "90' + 30' & 30\""]
[WhiteElo "2562"]
[BlackElo "2647"]

1. e4 {[%clk 01:30:54]} {[%emt 00:00:05]} c5 {[%clk 01:30:57]} {[%emt
00:00:04]} 2. Nf3 {[%clk 01:31:17]} {[%emt 00:00:08]} e6 {[%clk 01:31:13]}
{[%emt 00:00:13]} 3. c3 {[%clk 01:29:47]} {[%emt 00:02:00]} Nf6 {[%clk
01:31:39]} {[%emt 00:00:05]} 4. e5 {[%clk 01:30:12]} {[%emt 00:00:05]} Nd5
{[%clk 01:32:06]} {[%emt 00:00:02]} 5. d4 {[%clk 01:30:02]} {[%emt 00:00:40]}
cxd4 {[%clk 01:32:19]} {[%emt 00:00:18]} 6. cxd4 {[%clk 01:30:25]} {[%emt
00:00:06]} d6 {[%clk 01:32:30]} {[%emt 00:00:19]} 7. Bc4 {[%clk 01:30:07]}
{[%emt 00:00:51]} dxe5 {[%clk 01:32:08]} {[%emt 00:00:48]} 8. dxe5 {[%clk
01:28:20]} {[%emt 00:02:17]} Be7 {[%clk 01:32:33]} {[%emt 00:00:05]} 9. O-O
{[%clk 01:26:51]} {[%emt 00:01:59]} O-O {[%clk 01:33:00]} {[%emt 00:00:04]} 10.
Qe2 {[%clk 01:25:11]} {[%emt 00:02:10]} Bd7 {[%clk 01:32:38]} {[%emt 00:00:52]}
11. Rd1 {[%clk 01:20:23]} {[%emt 00:05:18]} Bc6 {[%clk 01:31:40]} {[%emt
00:01:28]} 12. Nd4 {[%clk 01:20:24]} {[%emt 00:00:28]} Bc5 {[%clk 01:31:07]}
{[%emt 00:01:03]} 13. Nc3 {[%clk 01:20:13]} {[%emt 00:00:41]} Nxc3 {[%clk
01:28:29]} {[%emt 00:03:09]} 14. bxc3 {[%clk 01:20:38]} {[%emt 00:00:05]} Qc7
{[%clk 01:26:02]} {[%emt 00:02:56]} 15. Bf4 {[%clk 01:20:58]} {[%emt 00:00:11]}
Nd7 {[%clk 01:04:49]} {[%emt 00:21:43]} 16. h4 {[%clk 01:20:30]} {[%emt
00:00:57]} Nb6 {[%clk 00:57:32]} {[%emt 00:07:48]} 17. Bb3 {[%clk 01:13:05]}
{[%emt 00:07:54]} Nd5 {[%clk 00:53:02]} {[%emt 00:05:00]} 18. Bd2 {[%clk
01:12:26]} {[%emt 00:01:09]} Rae8 {[%clk 00:42:41]} {[%emt 00:10:52]} 19. Re1
{[%clk 01:00:23]} {[%emt 00:12:32]} Kh8 {[%clk 00:42:05]} {[%emt 00:01:07]} 20.
h5 {[%clk 00:56:41]} {[%emt 00:04:12]} Bxd4 {[%clk 00:39:46]} {[%emt 00:02:49]}
21. cxd4 {[%clk 00:56:59]} {[%emt 00:00:11]} f5 {[%clk 00:40:10]} {[%emt
00:00:06]} 22. exf6 {[%clk 00:38:29]} {[%emt 00:19:01]} Rxf6 {[%clk 00:33:38]}
{[%emt 00:07:01]} 23. Qg4 {[%clk 00:30:11]} {[%emt 00:08:48]} Qf7 {[%clk
00:33:04]} {[%emt 00:01:04]} 24. f3 {[%clk 00:29:07]} {[%emt 00:01:35]} Nf4
{[%clk 00:27:12]} {[%emt 00:06:22]} 25. Re5 {[%clk 00:27:24]} {[%emt 00:02:12]}
Rf8 {[%clk 00:23:26]} {[%emt 00:04:16]} 26. Bxf4 {[%clk 00:21:53]} {[%emt
00:06:01]} Rxf4 {[%clk 00:23:52]} {[%emt 00:00:04]} 27. Qxe6 {[%clk 00:22:19]}
{[%emt 00:00:05]} Qxe6 {[%clk 00:23:45]} {[%emt 00:00:37]} 28. Rxe6 {[%clk
00:22:36]} {[%emt 00:00:13]} Rxd4 {[%clk 00:24:10]} {[%emt 00:00:05]} 29. Rae1
{[%clk 00:22:48]} {[%emt 00:00:18]} a5 {[%clk 00:20:58]} {[%emt 00:03:41]} 30.
Re7 {[%clk 00:18:37]} {[%emt 00:04:41]} a4 {[%clk 00:18:23]} {[%emt 00:03:05]}
31. Bf7 {[%clk 00:13:13]} {[%emt 00:05:55]} Rf4 {[%clk 00:16:09]} {[%emt
00:02:43]} 32. Rd1 {[%clk 00:12:03]} {[%emt 00:01:40]} h6 {[%clk 00:07:35]}
{[%emt 00:09:05]} 33. Bg6 {[%clk 00:11:09]} {[%emt 00:01:24]} Rc8 {[%clk
00:07:55]} {[%emt 00:00:08]} 34. Kf2 {[%clk 00:08:27]} {[%emt 00:03:13]} Kg8
{[%clk 00:07:38]} {[%emt 00:00:47]} 35. Ke3 {[%clk 00:06:36]} {[%emt 00:02:22]}
Rff8 {[%clk 00:08:01]} {[%emt 00:00:05]} 36. Rd6 {[%clk 00:05:28]} {[%emt
00:01:39]} Rfd8 {[%clk 00:07:16]} {[%emt 00:01:15]} 37. Rxd8+ {[%clk 00:02:30]}
{[%emt 00:03:28]} Rxd8 {[%clk 00:07:42]} {[%emt 00:00:04]} 38. Rc7 {[%clk
00:01:21]} {[%emt 00:01:40]} a3 {[%clk 00:06:57]} {[%emt 00:01:14]} 39. Bf7+
{[%clk 00:00:37]} {[%emt 00:01:14]} Kf8 {[%clk 00:06:41]} {[%emt 00:00:46]} 40.
Bb3 {[%clk 00:00:41]} {[%emt 00:00:26]} Re8+ {[%clk 00:03:12]} {[%emt
00:03:59]} 41. Kf4 {[%clk 00:26:25]} {[%emt 00:04:46]} Re7 {[%clk 00:33:27]}
{[%emt 00:00:15]} 42. Rc8+ {[%clk 00:26:34]} {[%emt 00:00:22]} Re8 {[%clk
00:33:54]} {[%emt 00:00:03]} 43. Rc7 {[%clk 00:26:50]} {[%emt 00:00:13]} Re7
{[%clk 00:34:20]} {[%emt 00:00:04]} 44. Rc8+ {[%clk 00:27:16]} {[%emt
00:00:05]} 1/2-1/2